| 000 | 01753nab a2200229 i 4500 | ||
|---|---|---|---|
| 001 | 768714001 | ||
| 003 | CO-MdFUSB | ||
| 005 | 20240514113326.0 | ||
| 008 | 240510t1970 sp ||||| |||| 00| 0 spa d | ||
| 040 |
_bspa _cCO-MdFUSB _dCO-MdFUSB |
||
| 041 | _aspa | ||
| 100 |
_aGrelot, Pierre, _eautor |
||
| 245 | 3 |
_aLa evolución del matrimonio como institución en el Antiguo Testamento _c/ Pierre Grelot |
|
| 520 | _aNo trataremos de ofrecer aquí una reflexión teológica completa sobre el matrimonio como institución; para ello sería preciso recurrir a toda la Biblia. Únicamente intentaremos averiguar si la revelación, en este terreno, ejerció alguna influencia real sobre este dato cultural que Israel había heredado de sus antepasados, y si, a consecuencia de ello, la institución matrimonial se vio embarcada en un proceso de transformación cuyo término estaría en el Nuevo Testamento. Fijaremos la atención en tres puntos: 1) En el plano jurídico, ¿cómo ha ido evolucionando el derecho hasta quedar fijado en la Torah? 2) En el plano teológico, ¿cómo se ha ido configurando la reflexión sobre el sentido y la estructura del matrimonio en el Génesis y en los profetas? 3) ¿Cómo, partiendo de esta doble base, ha encontrado su equilibrio el matrimonio judío en el judaísmo posexílico, hasta las proximidades de nuestra época? | ||
| 630 | 0 | 7 |
_aBiblia. _pAntiguo Testamento |
| 650 | 2 |
_aConciencia (Moral) _9927 |
|
| 650 | 7 |
_aMatrimonio _9300 |
|
| 653 | _aMatrimonio como institución | ||
| 773 | 0 |
_049450 _982618 _oR2545 _tRevista internacional de teología Concilium _w(CO-MdFUSB)8 _x0210-1041 _gNúmero 55, (mayo, 1970), páginas: 198 - 209 _qpágina: 198 |
|
| 942 | _cANA | ||
| 945 | _aCatherine Arias Alvarez - Practicante SENA | ||
| 999 |
_c69674 _d69674 |
||